English footballers by hint - Statistics

General Stats
  • This quiz has been taken 77 times
  • The average score is 16 of 25
Answer Stats
Hint Footballer % Correct
Opposite of Runner Kyle Walker
96%
___ Everest Mason Mount
94%
Name of Agent 007 Reece James
88%
___ Lincoln Tammy Abraham
88%
Sticks and ___ John Stones
86%
Head of the Catholic Church Nick Pope
86%
Famous english university Reece Oxford
83%
Wrong or ___? Ian Wright
81%
Name of British currency Raheem Sterling
78%
Opposite of Old Ashley Young
75%
Opposite of Silverdaughter Connor Goldson
75%
Sounds like the plural of barn John Barnes
72%
Opposite of big Chris Smalling
62%
What an NBA player does Lewis Dunk
59%
Popular Asian crop, often used as dish Declan Rice
58%
Medieval ruler Ledley King
58%
Ball friend from the movie “Cast Away” Callum Wilson
52%
Name of Macedonian emperor,plus name of Austrian bodybuilder Trent Alexander-Arnold
51%
Something is on fire Dan Burn
49%
Synonym of choose, plus famous American car brand Jordan Pickford
48%
Ore used for steam-energy Ashley Cole
33%
Very bright colour Ben White
32%
Job that takes wool Alan Shearer
30%
Sneaking on all fours over the ground Peter Crouch
12%
Synonym for swamp Bobby Moore
7%
No matching quizzes found
Score Distribution
Percent of People with Each Score
Percentile by Number Answered
Your Score History
You have not taken this quiz